00917cam a2200277 i 4500008004100000020003000041040001600071245008100087250001800168264007600186300002700262336002600289337002800315338002700343490001500370504004100385500002000426650002800446650003300474650003100507700002500538700002700563830003100590003000100621005001700622  a9781118740682 (paperback) aNUST cNUST00aABC of Arterial and Venous Disease /cedited by Tim England and Akhtar Nasim aThird edition 1aChichester, West Sussex ;aHoboken, NJ :bJohn Wiley & Sons Inc.,c2015 aix, 104 pages ;c28 cm atextbtxt2rdacontent aunmediatedbn2rdamedia avolumebnc2rdacarrier1 aABC series aIncludes bibliographical references. aIncludes index. 0aBlood-vesselsxDiseases12aVascular Diseasesxdiagnosis12aVascular Diseasesxtherapy1 aEngland, Timqeditor1 aNasim, Akhtar,deditor 0aABC series (Malden, Mass.)20230120204345.0